LIBRARY & INFORMATION CENTRE, KCAET, TAVANUR

ONLINE PUBLIC ACCESS CATALOGUE (OPAC)

Vaidyutha Technology (Electrical Technology) (Record no. 17764)

MARC details
000 -LEADER
fixed length control field 00513nam a22001697a 4500
003 - CONTROL NUMBER IDENTIFIER
control field OSt
008 - FIXED-LENGTH DATA ELEMENTS--GENERAL INFORMATION
fixed length control field 231027b |||||||| |||| 00| 0 eng d
041 ## - LANGUAGE CODE
Language code of text/sound track or separate title eng
082 ## - DEWEY DECIMAL CLASSIFICATION NUMBER
Classification number 621.301 HEM / V
100 ## - MAIN ENTRY--AUTHOR NAME
Personal name Hemachandran, VV
245 ## - TITLE STATEMENT
Title Vaidyutha Technology (Electrical Technology)
260 ## - PUBLICATION, DISTRIBUTION, ETC. (IMPRINT)
Place of publication 1972:
Name of publisher kerala Bhasha Institute,
Year of publication 1972.
300 ## - PHYSICAL DESCRIPTION
Number of Pages 535pages.
650 ## - SUBJECT ADDED ENTRY--TOPICAL TERM
Topical Term Vaidyutha Technology
700 ## - ADDED ENTRY--PERSONAL NAME
Personal name Vasu, KS; Varier, BS ; Sreenivas, TR; Mohandas, KP and Damodaran, VK
942 ## - ADDED ENTRY ELEMENTS (KOHA)
Koha item type Books
Holdings
Withdrawn status Lost status Damaged status Home library Current library Shelving location Date acquired Full call number Accession Number Koha item type Cost, normal purchase price
      KAUAET KAUAET General Stacks 27/10/2023 621.301 HEM / V 14207 Books  
      KAUAET KAUAET General Stacks 27/10/2023 621.301 HEM / V 14209 Books 16.50
      KAUAET KAUAET   17/11/2023 621.301 HEM / V 14208 Books  
free website counter